[Event "Balkan Youth Online-ch 2020"]
[Site "Online"]
[Date "2020.10.31"]
[Round "1.26"]
[White "Gregoric, Andraz"]
[Black "Djurovic, Peko"]
[Result "0-1"]
[WhiteElo "2037"]
[BlackElo "2074"]
[Annotator "TA"]
[PlyCount "132"]
[EventDate "2020.10.31"]
[EventType "swiss"]
[SourceTitle "playchess.com"]
[Source "ChessBase"]
[SourceQuality "1"]

{[%evp 16,131,14,1,7,9,22,11,14,4,38,35,38,39,34,32,49,20,18,18,39,-5,-5,-6,50,50,53,44,37,41,43,43,49,14,20,0,28,25,79,76,98,84,112,-77,-90,-83,-94,-75,0,0,0,0,0,-134,-134,-168,-153,-160,-141,-140,-118,-320,-309,-288,-267,-320,-320,-643,-643,-688,-683,-1423,-1415,-1393,-1324,-1122,-1029,-29957,-6329,-5724,-4818,-29982,-29983,-29983,-29984,-29983,-29984,-29990,-12805,-29989,-29990,-29990,-29990,-29990,-29991,-29992,-29992,-29992,-29992,-29992,-29993,-29994,-29995,-29995,-29996,-29996,-29996,-29996,-29996,-29997,-29997,-29998,-29998,-29998,-29999,-29999,-29999,-29999]} 1. e4 {Atlas,V} c5 2. Nf3 Nc6 3. Bb5 Nf6 4. e5 Nd5 5. Nc3 Nc7 6. Bxc6 dxc6 7. O-O g6 8. Re1 Bg7 9. Ne4 b6 {B31: Sicilian: 2...Nc6 3 Bb5 g6.} 10. d3 O-O 11. h3 Bf5 {The position is equal.} 12. Ng3 Qd7 {[#]} 13. Nxf5 $146 ({Predecessor:} 13. Bg5 Be6 14. Qd2 Rfe8 15. Bh6 Bh8 16. Qf4 Bd5 17. Ne4 Ne6 18. Qh4 Nd4 19. Nxd4 cxd4 {1-0 (35) Rozentalis,E (2625)-Shirov,A (2736) Tallinn 2004 CBM 100 [Atlas,V]}) 13... Qxf5 14. Qe2 Rae8 15. Bd2 Nd5 16. Qe4 Qxe4 17. Rxe4 Rb8 18. c4 Nc7 19. d4 Rfd8 ({Better is} 19... Ne6 $11) 20. dxc5 $1 $14 bxc5 21. Ba5 Rd7 22. b3 Ne6 23. Ree1 Nd4 24. Nxd4 cxd4 25. e6 fxe6 26. Rxe6 d3 (26... Rc8 $11) 27. Rae1 Rf8 28. Kf1 $1 ({But not} 28. Rxc6 $6 Bd4 $11) 28... Bf6 {With the idea ...Bh4.} 29. Rxc6 $2 (29. Rd1 $16 {keeps the pressure on.}) 29... Bh4 $1 $36 {[%mdl 2048] White is under strong pressure.} 30. f3 Bxe1 31. Kxe1 Rf6 (31... Rf5 $17 32. Bc3 Kf7) 32. Rxf6 $11 exf6 {[%mdl 4096] Endgame KR-KB} 33. Kd2 Kf7 34. c5 (34. Bc3 $11) 34... Ke6 $17 35. b4 Rd5 36. Bc7 Kd7 37. Bd6 Kc6 38. a4 $2 {Loses the game.} (38. a3 $17 {was worth a try.}) 38... a6 $1 $19 39. Be7 f5 ({Don't take} 39... Rd4 40. b5+ axb5 41. axb5+ Kxb5 42. Bxf6 $19) 40. Bg5 {[#]} Rd4 $1 41. Kc3 $2 (41. b5+ axb5 42. axb5+ Kxb5 43. Be7) 41... f4 {Hoping for ...d2!} 42. Kd2 Rxb4 43. Kxd3 Rxa4 44. Be7 Kd5 45. Bd6 a5 46. h4 Rc4 47. Bf8 a4 48. Ke2 a3 49. c6 a2 50. Bg7 Rxc6 51. Kf1 Kc4 (51... Rc4 $142 52. h5 gxh5 53. Ke2 {[#]} Rd4 $1 {[%mdl 576] Promotion} 54. Bxd4 Kxd4 55. g4 a1=Q 56. g5 Qb2+ 57. Kf1 Ke3 58. Kg1 Kxf3 59. Kh1 Qg2#) 52. Kg1 Kd3 {Black mates.} 53. h5 gxh5 54. Kh2 Rc1 55. g4 hxg4 56. fxg4 a1=Q 57. Bxa1 Rxa1 {KR-KP} 58. g5 Ke3 59. g6 hxg6 {KR-K} 60. Kg2 f3+ 61. Kg3 f2 62. Kh3 f1=Q+ 63. Kh2 Ra2+ 64. Kg3 Rg2+ 65. Kh4 Qf4+ 66. Kh3 Rh2# {Av CentiPawn Loss W=-87/B=-71. Weighted=-84/-56} 0-1

[Event "Balkan Youth Online-ch 2020"]
[Site "Online"]
[Date "2020.10.31"]
[Round "1.27"]
[White "Makridis, Dimitrios"]
[Black "Shtavica, Alaudin"]
[Result "1-0"]
[WhiteElo "2226"]
[BlackElo "1323"]
[Annotator "TA"]
[PlyCount "89"]
[EventDate "2020.10.31"]
[EventType "swiss"]
[SourceTitle "playchess.com"]
[Source "ChessBase"]
[SourceQuality "1"]

{[%evp 11,88,-22,14,19,0,9,95,83,100,92,267,262,344,329,331,323,333,345,374,372,479,472,535,547,554,538,532,485,745,743,754,750,992,845,1202,1182,1183,1170,1310,1237,1152,601,601,586,585,576,578,570,570,568,568,555,555,534,1372,1128,867,717,835,773,5593,5365,6125,6079,5517,5302,5232,5165,29989,29990,29990,29991,29991,29992,29993,29994,29998,29999,29999]} 1. e4 e5 2. Nf3 Nc6 3. d4 exd4 4. Nxd4 Bc5 5. Nb3 Bb6 6. Nc3 Nge7 (6... Nf6 {is interesting.} 7. a4 a6 8. Nd5 Ba7 9. Bd3 Nxd5 10. exd5 Ne5) 7. Qe2 {C45: Scotch Game.} O-O 8. Be3 d5 {[#]} (8... f5 $11 {remains equal.}) 9. O-O-O $1 $16 {White is better.} Bxe3+ 10. Qxe3 {[%cal Re4d5]} Be6 $2 {[#]} (10... a5 $16) 11. exd5 $146 ({Predecessor:} 11. f4 g6 12. h3 a5 13. g4 a4 14. Nd4 Nxd4 15. Qxd4 Nc6 16. Qf2 d4 17. a3 {0-1 (50) Bojc,D (1626)-Pachon,A (1977) Kemer 2009}) 11... Nxd5 12. Nxd5 Bxd5 13. c4 Re8 14. Qg3 ({Don't play} 14. Rxd5 Qf6) 14... Qf6 15. cxd5 Nb4 16. a3 Qh6+ 17. Kb1 Na6 18. Bxa6 Qxa6 19. Rhe1 h6 (19... Rxe1 $142 20. Rxe1 h6 21. Qxc7 Qd3+ 22. Ka2 Qxd5) 20. Rxe8+ Rxe8 21. Qxc7 Qe2 22. Qc2 Qe5 23. d6 Rd8 24. d7 Qg5 25. Nc5 Qxg2 26. Qe4 Qxe4+ 27. Nxe4 {[%mdl 4096] Endgame And now Nc5 would win. KRN-KR} Kf8 28. Nc5 Ke7 29. Re1+ Kf8 30. Re8+ {[%mdl 64] Promotion} Rxe8 31. dxe8=Q+ Kxe8 32. Nxb7 {KN-KP} g5 33. Nd6+ Kf8 34. Nf5 h5 35. b4 {[%cal Bb2b4,Bb4b5][%mdl 32]} f6 36. b5 Ke8 37. a4 Kd7 38. a5 Ke6 39. a6 Kd7 {[#]} 40. b6 $1 {[%mdl 64] Promotion. White mates.} axb6 41. a7 Ke6 42. Ne3 Ke5 43. a8=Q h4 44. Qd5+ Kf4 45. Qf5# {White took control after the opening. Av CentiPawn Loss W=-53/B=-130. Weighted=-52/-192} 1-0

[Event "Balkan Youth Online-ch 2020"]
[Site "Online"]
[Date "2020.10.31"]
[Round "1.28"]
[White "Guri, Adrian"]
[Black "Ristic, Luka"]
[Result "0-1"]
[WhiteElo "1611"]
[BlackElo "2262"]
[Annotator "TA"]
[PlyCount "50"]
[EventDate "2020.10.31"]
[EventType "swiss"]
[SourceTitle "playchess.com"]
[Source "ChessBase"]
[SourceQuality "1"]

{[%evp 13,50,16,30,9,16,0,0,-175,-160,-168,-42,-158,-151,-364,-364,-368,-368,-384,-385,-407,-403,-406,-350,-344,-282,-290,-285,-293,-282,-282,-281,-272,-267,-350,-382,-374,-368,-368,-327]} 1. e4 g6 2. d4 Bg7 3. Nc3 c6 4. Nf3 d5 5. e5 Bg4 6. h3 Bxf3 7. Qxf3 e6 8. Bd3 {B15: Caro-Kann: 3 Nc3: 3...g6 and 3...dxe4 4 Nxe4 Nf6 5 Nxf6+ exf6.} a6 9. O-O c5 10. Be3 $2 (10. dxc5 $11 {and White stays safe.} Nd7 11. Na4) 10... Nc6 $19 11. dxc5 Nxe5 {[#]} (11... d4 $1 $19 12. Be4 Nxe5) 12. Qf4 $146 {[#]} ({Only move:} 12. Qg3 $1 $15) ({Predecessor:} 12. Qe2 Nxd3 13. Qxd3 d4 14. Ne4 dxe3 15. Nd6+ Kf8 16. Qxe3 Qc7 17. Rfd1 Ne7 18. Qa3 {0-1 (54) Dabrowski,D (1593)-Przerwa,W (1779) Koszalin 2013}) 12... d4 $1 $17 13. Bxd4 $2 {Now White is beyond hope.} ({Don't go for} 13. Qxd4 $2 {[#]} Nf3+ $1 {[%mdl 512]} 14. gxf3 Bxd4 $19) (13. Be4 $17 dxe3 14. Bxb7) 13... Nxd3 $19 14. cxd3 Qxd4 15. Ne4 {If only White now had time for Nd6+....} Be5 16. Qf3 Ne7 17. Qe3 Qxe3 18. fxe3 Nf5 ({Inferior is} 18... Bxb2 19. Nd6+ Kd7 20. Rab1 $14) 19. d4 Bc7 ({Less strong is} 19... Nxe3 20. dxe5 Nxf1 21. Rxf1 $17) 20. Kf2 h5 21. Ke2 Ke7 22. b4 Rad8 23. a4 e5 24. g4 hxg4 25. hxg4 Nh6 {Av CentiPawn Loss W=-39/B=-17. Weighted=-60/-26} 0-1

[Event "Balkan Youth Online-ch 2020"]
[Site "Online"]
[Date "2020.10.31"]
[Round "1.29"]
[White "Stamatiou, Rodolfos"]
[Black "Smirnov, Grigorii"]
[Result "1-0"]
[WhiteElo "2015"]
[BlackElo "1413"]
[Annotator "TA"]
[PlyCount "63"]
[EventDate "2020.10.31"]
[EventType "swiss"]
[SourceTitle "playchess.com"]
[Source "ChessBase"]
[SourceQuality "1"]

{[%evp 12,63,14,13,21,27,46,33,38,37,47,23,45,-83,-83,-235,-206,-202,-204,-205,131,131,140,137,204,204,204,204,204,204,212,198,202,204,272,202,281,275,270,276,340,299,473,471,536,522,477,434,431,426,29989,1190,29998,29999]} 1. e4 c6 2. d4 d5 3. e5 Bf5 4. h4 h5 5. Bd3 Bxd3 6. Qxd3 e6 7. Nf3 Nd7 {B12: Caro-Kann: Advance Variation.} 8. Bg5 Ne7 9. Nbd2 Qb6 {White is slightly better.} 10. O-O Nf5 11. b3 {[#]} Ba3 $146 ({Predecessor:} 11... Be7 12. Bxe7 Kxe7 13. c4 a5 14. Rfc1 Qa6 15. Rc3 Nb6 16. Qc2 Rad8 17. Qb2 Kf8 {½-½ (52) Esserman,M (2458)-Aradhya,G (2315) Reykjavik 2017}) 12. c4 (12. Rab1 $14) 12... Bb2 $17 13. c5 $2 (13. Rad1 $17 {was called for.}) 13... Qb4 14. Be3 Bxa1 15. Rxa1 Nxc5 $2 (15... b6 $19 {[%cal Rb6c5]} 16. a3 Qa5) 16. dxc5 $16 {White stays focused until the end.} Nxh4 {[#]} 17. Nd4 $1 g6 (17... O-O $16) 18. a3 $18 {[%mdl 1024] White has strong compensation.} Qa5 19. Bg5 Nf5 20. Bf6 Rg8 21. b4 Qc7 22. N2f3 a6 23. a4 Nxd4 24. Nxd4 ({Resist} 24. Qxd4 $6 Kd7 $16) 24... Kd7 25. Rb1 Qc8 26. Qd2 Qf8 (26... Qc7 $142 27. g3 Rge8) 27. b5 axb5 28. axb5 Qxc5 {and the idea ...Rgc8 leaves Black hopeful.} 29. bxc6+ bxc6 30. Rb7+ Ke8 (30... Kc8 $18 31. Qb2 Qxd4 32. Qxd4 Kxb7) 31. Re7+ (31. Qb2 $142 Rc8 {[#]} 32. Rxf7 $1 {[%mdl 512]} Ra8 33. Nxe6 Kxf7 34. Nxc5 Rgb8 35. e6+ Kg8 36. Qe5) 31... Kf8 32. Qh6+ {Av CentiPawn Loss W=-59/B=-116. Weighted=-70/-71} 1-0

[Event "Balkan Youth Online-ch 2020"]
[Site "Online"]
[Date "2020.10.31"]
[Round "1.30"]
[White "Xheladini, Valton"]
[Black "Erdogan, Tekin Alp"]
[Result "0-1"]
[WhiteElo "1440"]
[BlackElo "1828"]
[Annotator "NA RC"]
[PlyCount "96"]
[EventDate "2020.10.31"]
[EventType "swiss"]
[SourceTitle "playchess.com"]
[Source "ChessBase"]
[SourceQuality "1"]
[TimeControl "5400+30"]

1. e4 {[%emt 1:05:20]} e5 {[%emt 1:05:25]} 2. Nf3 {[%emt 0:00:22]} Nf6 {[%emt 0:00:22]} 3. Nxe5 {[%emt 0:00:21]} d6 {[%emt 0:00:22]} 4. Nf3 {[%emt 0:00:22]} Nxe4 {[%emt 0:00:21]} 5. Nc3 {[%emt 0:00:26]} Nf6 {[%emt 0:00:34]} 6. Bc4 {[%emt 0:00:32] C42: Petroff Defence: 3 Nxe5 and unusual White 3rd moves.} Be7 {[%emt 0:00:38]} 7. O-O {[%emt 0:00:22]} O-O {[%emt 0:00:22]} 8. d4 {[%emt 0:01:36]} d5 {[%emt 0:00:44]} 9. Bb3 {[%emt 0:00:38]} c6 {[%emt 0:00:55] [#]} 10. h3 $146 {[%emt 0:01:00]} ({Predecessor:} 10. Re1 Ng4 11. h3 Nf6 12. Bf4 Bf5 13. Bg5 Nbd7 14. Ne5 h6 15. Bh4 c5 16. Nxd7 Bxd7 17. dxc5 {1-0 (27) Bolla,V (1782)-Nazzarri,E Rome 2011}) 10... h6 {[%emt 0:01:06]} 11. Re1 {[%emt 0:00:31]} Bd6 {[%emt 0:00:26]} 12. Be3 {[%emt 0:04:52]} Re8 {[%emt 0:01:27]} 13. Nd2 {[%emt 0:03:55]} Nbd7 {[%emt 0:01:07]} 14. Qf3 {[%emt 0:01:30]} Nf8 {[%emt 0:01:58]} 15. Bf4 {[%emt 0:01:56]} Rxe1+ {[%emt 0:01:08]} 16. Rxe1 {[%emt 0:00:25]} Ng6 {[%emt 0:00:22]} 17. Bxd6 {[%emt 0:02:58]} Qxd6 {[%emt 0:00:25]} 18. Ne2 {[%emt 0:00:23]} Bd7 {[%emt 0:02:01]} 19. Ng3 {[%emt 0:01:18]} Nh4 {[%emt 0:02:46]} 20. Qd3 {[%emt 0:01:14]} Qf4 {[%emt 0:01:24]} 21. c3 {[%emt 0:02:00]} Bxh3 {[%emt 0:07:21]} 22. gxh3 {[%emt 0:02:06]} Qxd2 {[%emt 0:00:46]} 23. Qxd2 {[%emt 0:01:28]} Nf3+ {[%emt 0:00:23]} 24. Kg2 {[%emt 0:00:22]} Nxd2 {[%emt 0:00:21]} 25. Bc2 {[%emt 0:00:25]} Nc4 {[%emt 0:00:31]} 26. b3 {[%emt 0:00:36]} Nd6 {[%emt 0:00:29]} 27. f3 $17 {[%emt 0:01:22]} g6 {[%emt 0:00:46]} 28. Kf2 {[%emt 0:02:40]} Kf8 {[%emt 0:01:04]} 29. Nf1 {[%emt 0:00:53]} Nh5 {[%emt 0:00:55]} 30. Ne3 {[%emt 0:00:50]} Re8 {[%emt 0:01:24]} 31. Ng4 {[%emt 0:01:10]} Nb5 {[%emt 0:01:10]} 32. Rxe8+ {[%emt 0:01:26]} Kxe8 {[%emt 0:00:23]} 33. Ke3 {[%emt 0:00:25]} Nxc3 {[%emt 0:00:47]} 34. a4 {[%emt 0:00:29]} Na2 {[%emt 0:00:56]} 35. Ne5 {[%emt 0:00:35]} Nb4 {[%emt 0:00:37]} 36. Bb1 {[%emt 0:00:33]} Ke7 {[%emt 0:00:24]} 37. Nd3 {[%emt 0:00:41]} Nxd3 {[%emt 0:00:25]} 38. Bxd3 {[%emt 0:00:35]} Ke6 {[%emt 0:00:36]} 39. b4 {[%emt 0:00:33]} g5 {[%emt 0:00:29]} 40. b5 {[%emt 0:00:35]} Nf4 {[%emt 0:00:32]} 41. Bf1 {[%emt 0:00:21]} Kd6 {[%emt 0:00:28]} 42. h4 {[%emt 0:00:22]} c5 {[%emt 0:00:38]} 43. hxg5 {[%emt 0:00:46]} hxg5 {[%emt 0:00:23]} 44. a5 {[%emt 0:00:21]} c4 {[%emt 0:00:29]} 45. Kd2 {[%emt 0:00:36]} a6 {[%emt 0:00:32]} 46. b6 {[%emt 0:00:36]} Kc6 {[%emt 0:00:24]} 47. Kc3 {[%emt 0:00:23]} Kb5 {[%emt 0:00:25]} 48. Bxc4+ {[%emt 0:00:32]} dxc4 {[%emt 0:00:21]} 0-1

[Event "Balkan Youth Online-ch 2020"]
[Site "Online"]
[Date "2020.10.31"]
[Round "1.31"]
[White "Stefanou, Dimitrios"]
[Black "Farmakoski, Georg"]
[Result "1-0"]
[WhiteElo "2099"]
[BlackElo "1481"]
[Annotator "TA"]
[PlyCount "99"]
[EventDate "2020.10.31"]
[EventType "swiss"]
[SourceTitle "playchess.com"]
[Source "ChessBase"]
[SourceQuality "1"]

{[%evp 19,99,57,64,57,47,19,70,55,67,49,92,58,64,66,179,159,181,169,174,183,168,176,184,172,183,179,179,179,186,179,251,245,233,184,195,193,197,214,239,188,183,183,309,316,305,285,342,341,335,335,330,318,340,340,340,340,347,82,71,0,0,0,24,22,22,25,57,133,3454,2770,29981,29981,29952,5222,29989,29990,29991,29989,29993,29994,29999,29993]} 1. d4 Nf6 2. c4 g6 3. Nc3 Bg7 4. e4 d6 5. Nge2 O-O 6. Ng3 e5 7. d5 c6 8. Be2 cxd5 9. cxd5 Nbd7 10. h4 h5 11. Bg5 {E70: King's Indian: Miscellaneous lines with 4 e4, including 5 Nge2 and 5 Bd3 0-0 6 Nge2.} Qb6 12. Qd2 {[#]} Kh7 $146 (12... Nc5 $11) ({Predecessor:} 12... a5 13. O-O Nc5 14. Rac1 Bd7 15. Kh1 Rae8 16. b3 Qb4 17. f3 Kh7 18. Nd1 Qb6 {1-0 (47) Pechac,J (2182)-Gazik,V (2112) Liptovsky Mikulas 2013}) 13. Rc1 {White is slightly better.} a6 14. O-O Rh8 15. Rc2 Nc5 16. Be3 Ng4 (16... Bd7 $14) 17. Bxg4 $18 Bxg4 {[#]} 18. Na4 $1 {[%cal Ra4b6][%mdl 512]} Qd8 (18... Nxa4 19. Bxb6) 19. Nxc5 ({Much less strong is} 19. Bxc5 $6 dxc5 20. Nxc5 Rc8 $14) 19... dxc5 20. Rxc5 Bf8 21. Rc2 Bd6 22. Rfc1 Kg7 23. Bg5 $36 {[%mdl 2048] White is in control.} f6 24. Be3 Qe7 (24... Rc8 {was called for.} 25. f3 Rxc2 26. Qxc2 (26. Rxc2 Bd7 $16) 26... Bd7) 25. Bc5 Rhc8 {[%cal Rd6c5]} 26. Bxd6 Qxd6 27. Nf1 Bd7 28. Ne3 b5 29. b4 Rxc2 30. Rxc2 Rc8 (30... Qb6 {is a better defense.} 31. a3 Kf7) 31. Rxc8 Bxc8 32. Qc3 Bb7 33. Qc5 Qd7 34. f3 Kf7 35. a3 f5 36. exf5 gxf5 {[#]} 37. Nxf5 $1 {[%mdl 512]} Bxd5 (37... Qxf5 38. Qc7+) 38. Nd6+ $2 (38. Ne3 $18 Ke6 39. Qf8) 38... Ke6 $16 {[#]} 39. Nc8 ({Better is} 39. Ne4 $1 $16) 39... Bb7 $11 40. Nb6 (40. Qb6+ {is interesting.} Qc6 41. Qxc6+ Bxc6 42. Kf2 Kd7 43. Na7) 40... Qc6 (40... Qd2 {seems wilder.} 41. Kf1 Qd1+ 42. Kf2 Qd2+ 43. Kg3 Qf4+) 41. Qxc6+ Bxc6 {[%mdl 4096] Endgame KB-KN} 42. Kf2 Kd6 {And now ...Kc7 would win.} 43. g4 $1 {[%cal Rg4h5]} Kc7 $2 {[%mdl 8192] Now Black is done in.} (43... Be8 $16) 44. gxh5 $18 Kxb6 {KB-KP} 45. h6 e4 46. h7 exf3 47. h8=Q {White mates.} a5 48. Qd4+ Ka6 49. bxa5 Kxa5 50. h5 {Av CentiPawn Loss W=-55/B=-99. Weighted=-44/-166} 1-0

[Event "Balkan Youth Online-ch 2020"]
[Site "Online"]
[Date "2020.10.31"]
[Round "1.33"]
[White "Zlatkov, Anton"]
[Black "Dafa, Sirio"]
[Result "1-0"]
[WhiteElo "2032"]
[BlackElo "1004"]
[Annotator "RC"]
[PlyCount "48"]
[EventDate "2020.10.31"]
[EventType "swiss"]
[SourceTitle "playchess.com"]
[Source "ChessBase"]
[SourceQuality "1"]
[TimeControl "5400+30"]

1. e4 {[%emt 1:05:20]} e5 {[%emt 1:05:25]} 2. Nf3 {[%emt 0:00:26]} Nc6 {[%emt 0:00:24]} 3. d4 {[%emt 0:00:23]} exd4 {[%emt 0:00:26]} 4. Bc4 {[%emt 0:00:22]} Nf6 {[%emt 0:00:26]} 5. e5 {[%emt 0:00:22]} d5 {[%emt 0:00:22]} 6. Bb5 {[%emt 0:00:22]} Ne4 {[%emt 0:01:26]} 7. Nxd4 {[%emt 0:00:24]} Bd7 {[%emt 0:00:22]} 8. Bxc6 {[%emt 0:00:23]} bxc6 {[%emt 0:00:26]} 9. O-O {[%emt 0:00:34]} Bc5 {[%emt 0:00:26]} 10. f3 {[%emt 0:00:24]} Ng5 {[%emt 0:00:22]} 11. Be3 {[%emt 0:00:23]} O-O {[%emt 0:03:04]} 12. f4 {[%emt 0:00:23]} Ne4 {[%emt 0:00:23]} 13. Nc3 {[%emt 0:00:23]} Bxd4 {[%emt 0:02:22]} 14. Bxd4 {[%emt 0:01:13]} Nxc3 {[%emt 0:00:26]} 15. bxc3 {[%emt 0:01:10]} Qe7 {[%emt 0:02:17]} 16. f5 {[%emt 0:00:42]} Rfe8 {[%emt 0:04:57]} 17. Qd2 {[%emt 0:03:29]} f6 {[%emt 0:04:46]} 18. e6 {[%emt 0:00:26]} Bc8 {[%emt 0:00:28]} 19. Qe3 {[%emt 0:00:49]} Qd6 {[%emt 0:00:55]} 20. Rae1 {[%emt 0:00:52]} Ba6 {[%emt 0:01:47]} 21. Rf3 {[%emt 0:00:31]} Rab8 {[%emt 0:01:32]} 22. Rg3 {[%emt 0:01:55]} Kh8 {[%emt 0:01:18]} 23. Rg4 {[%emt 0:00:48]} c5 {[%emt 0:01:40]} 24. Qh6 {[%emt 0:02:41]} Qc6 {[%emt 0:01:33]} 1-0

[Event "Balkan Youth Online-ch 2020"]
[Site "Online"]
[Date "2020.10.31"]
[Round "1.34"]
[White "Jordanov Mihail"]
[Black "Budisavljevic, Luka"]
[Result "0-1"]
[WhiteElo "2105"]
[BlackElo "2454"]
[Annotator "TA"]
[PlyCount "74"]
[EventDate "2020.10.31"]
[EventType "swiss"]
[SourceTitle "playchess.com"]
[Source "ChessBase"]
[SourceQuality "1"]

{[%evp 9,74,34,51,0,55,53,68,0,204,204,215,15,9,-112,-129,-137,-139,-210,-180,-172,-191,-455,-469,-470,-472,-454,-462,-995,-987,-986,-990,-1450,-1422,-1452,-1457,-1449,-1432,-1356,-1343,-1270,-1243,-1266,-1258,-1283,-1166,-1694,-1681,-1574,-1251,-29975,-29979,-29979,-1778,-29965,-12795,-29980,-29981,-29981,-29981,-2059,-6534,-29988,-29989,-29989,-29990,-12825,-1177]} 1. e4 c5 2. Nf3 e6 3. d4 cxd4 4. Nxd4 a6 5. Bd3 Qb6 6. Be3 {B42: Sicilian: Kan Variation: 5 Bd3.} (6. Nb3 $14) 6... Bc5 (6... Qxb2 $11 7. Nd2 Qc3) 7. c3 $14 Nc6 $1 {[#] 7...Nc6 scores better than 7...Qxb2.} 8. Qg4 $146 (8. Nd2 $14) ({Predecessor:} 8. Nd2 Nxd4 9. Nc4 Qc7 10. cxd4 Bb4+ 11. Nd2 Nf6 12. O-O O-O 13. Rc1 Qd8 14. a3 {1-0 (65) Motylev,A (2648)-Golubov,S (2405) St Petersburg 2015}) 8... Ne5 $2 (8... Nge7 $1 $11 9. Qe2 (9. Nxc6 Bxe3 10. Qe2 Bxf2+ 11. Qxf2 Qxf2+ 12. Kxf2 Nxc6 $17) 9... Nxd4 10. cxd4 Bxd4 11. Bxd4 Qxd4) 9. Qxg7 $18 Ng6 ({Don't blunder} 9... Nxd3+ $2 10. Ke2 $18) 10. b4 $2 (10. Nc2 $18) 10... Bf8 $11 11. Nf5 (11. Ne2 $11 Qxe3 {[#]} 12. Qxf8+ $1 {[%mdl 512]} Kxf8 13. fxe3) 11... Qc7 $36 {[%mdl 2048] Keeping White busy. White is now going downhill.} 12. Qd4 exf5 13. f4 (13. exf5 $17 Ne5 14. f4 Nxd3+ 15. Qxd3) 13... Be7 ({Not} 13... Nxf4 14. Qxh8 Nxd3+ 15. Kd2 $15) 14. exf5 Bf6 15. fxg6 $2 (15. Qc5 {was called for.} Qxc5 16. bxc5) 15... Bxd4 $19 16. Bxd4 {aiming for g7.} hxg6 17. Bxh8 Qxf4 {And now ...Qc1+ would win.} 18. Bd4 (18. Kd1 $142 d5 19. Nd2) 18... Qc1+ 19. Kf2 Qxh1 20. c4 Qxh2 {Strongly threatening ...Qf4+.} 21. Nd2 Qh4+ {[%mdl 64] Double Attack} 22. Ke3 Qg5+ {[%mdl 64] Double Attack} 23. Ke2 d5 24. Re1 Bg4+ 25. Kf2+ Kf8 26. Nb3 Nh6 27. Be3 Qh4+ 28. Kf1 Nf5 29. Bf2 Qh1+ 30. Bg1 Ng3+ 31. Kf2 Qh4 {( -> ...Ne4+!)} 32. Re3 Ne4+ {[%mdl 64] Discovered Attack (Double check)} 33. Kf1 Qf6+ 34. Ke1 Re8 35. cxd5 Qc3+ {[%mdl 64] Double Attack} 36. Kf1 {[#]} Ng3+ $1 37. Kf2 (37. Rxg3 Qe1#) 37... Nh1+ {Av CentiPawn Loss W=963/B=-70. Weighted=159/-44} 0-1

[Event "Balkan Youth Online-ch 2020"]
[Site "Online"]
[Date "2020.10.31"]
[Round "1.35"]
[White "Krallis, Christos"]
[Black "Vaupot, Luka"]
[Result "1-0"]
[WhiteElo "2444"]
[BlackElo "2010"]
[Annotator "TA"]
[PlyCount "59"]
[EventDate "2020.10.31"]
[EventType "swiss"]
[SourceTitle "playchess.com"]
[Source "ChessBase"]
[SourceQuality "1"]

{[%evp 21,58,15,37,37,35,41,50,12,26,28,25,31,12,12,68,54,108,101,395,0,385,379,331,329,29991,29992,29992,29993,29993,29994,29994,29995,29996,29997,29997,29998,29998,29999,29999]} 1. d4 Nf6 2. c4 g6 3. Nf3 Bg7 4. g3 c6 5. Bg2 d5 6. O-O O-O 7. cxd5 cxd5 8. Nc3 Ne4 9. Bf4 Nc6 10. Rc1 Bf5 11. Ne5 Rc8 12. Nxc6 {[#] D79: Fianchetto Grünfeld: Symmetrical Variation (6 0-0 c6 7 cxd5 cxd5).} Rxc6 $146 ({Predecessor:} 12... bxc6 13. Nxe4 Bxe4 14. Qd2 Bxg2 15. Kxg2 Qb6 16. Be3 Rfd8 17. Rfd1 h5 18. b3 e6 19. Bh6 Bxh6 20. Qxh6 {0-1 (57) Tomilova,E (2353)-Vastrukhin,O (2401) chess.com INT 2020}) 13. Qb3 Bxd4 14. Qxb7 {White is slightly better.} (14. Nxd5 {looks sharper.} Rxc1 15. Bxc1 e6 16. Ne3 Qc7 17. Nxf5 exf5 18. Bxe4 fxe4 19. Qd5) 14... Nxc3 15. bxc3 Rxc3 16. Rxc3 Bxc3 17. Bxd5 Bd4 (17... Qd7 $11) 18. Rd1 $14 Qb6 (18... Bc8 $14 19. Qb3 Qb6) 19. Qxe7 $16 {And now Bh6 would win.} Bxf2+ $2 {[%mdl 8192] [#]} (19... Bf6 $16 {was necessary.} 20. Qe3 Qxe3 21. Bxe3 a5) 20. Kh1 $2 ({White must play} 20. Kg2 $1 $18 {White threatens Bh6 and mate.} Bd4 21. Bh6) 20... Bd4 $2 {[%mdl 8192]} (20... Qe6 $1 $11 21. Qxe6 fxe6) 21. Bh6 $18 {[%csl Gh6][%cal Re7f8]} Bg7 {[#]} 22. Bxf7+ $1 {[%mdl 512]} Kh8 $2 (22... Rxf7 $18 23. Rd8+ {[#]} Qxd8 $1 {[%mdl 512]} 24. Qxd8+ Bf8 25. Bxf8 Rxf8 26. Qd5+ Rf7) 23. Bxg7+ {White mates.} Kxg7 24. Bd5+ Rf7 25. Qxf7+ Kh6 26. Qf8+ Kh5 27. Bf3+ Bg4 28. Bxg4+ Kxg4 29. Qf4+ Kh5 30. Qh4# {Av CentiPawn Loss W=-31/B=-133. Weighted=-24/-196} 1-0